000 00287nam a2200121Ia 4500
008 170620s9999 xx 000 0 und d
100 _aKADAM S.S
245 0 _aPRINCIPALES OF MEDICAL CHEMISTRY
260 _bNIRALI PRAKASHAN
260 _c2008
300 _a472
546 _aEnglish
690 _a MEDICAL CHEMISTRY
999 _c31131
_d31131